Tax credits and intergovernmental fiscal relations. (Record no. 169361)
[ view plain ]
| 000 -LEADER | |
|---|---|
| fixed length control field | 00749cam3a220022900 4500 |
| 001 - CONTROL NUMBER | |
| control field | tmp15433092 |
| 003 - CONTROL NUMBER IDENTIFIER | |
| control field | UPRA |
| 005 - DATE AND TIME OF LATEST TRANSACTION | |
| control field | 20190826180507.0 |
| 008 - FIXED-LENGTH DATA ELEMENTS--GENERAL INFORMATION | |
| fixed length control field | 950814s1962 dcu eng u |
| 020 ## - INTERNATIONAL STANDARD BOOK NUMBER | |
| Terms of availability | |
| -- | 5.00 |
| 035 ## - SYSTEM CONTROL NUMBER | |
| System control number | (Sirsi) r106032 |
| 035 ## - SYSTEM CONTROL NUMBER | |
| System control number | (UPRA)tmp15433092 |
| 040 ## - CATALOGING SOURCE | |
| Transcribing agency | UPRA |
| 100 1# - MAIN ENTRY--PERSONAL NAME | |
| Personal name | Maxwell, James A., 1912- |
| Dates associated with a name | Maxwell, James A., 1912- |
| Linkage | A63408.1 |
| 245 10 - TITLE STATEMENT | |
| Title | Tax credits and intergovernmental fiscal relations. |
| 246 30 - VARYING FORM OF TITLE | |
| Title proper/short title | Tax credits and intergovernmental relations |
| 260 ## - PUBLICATION, DISTRIBUTION, ETC. | |
| Place of publication, distribution, etc. | Washington, DC : |
| Name of publisher, distributor, etc. | Brookings Institution, |
| Date of publication, distribution, etc. | [1962] |
| 650 #0 - SUBJECT ADDED ENTRY--TOPICAL TERM | |
| Topical term or geographic name entry element | Tax credits. |
| Linkage | S49261.1 |
| 650 #0 - SUBJECT ADDED ENTRY--TOPICAL TERM | |
| Topical term or geographic name entry element | Intergovernmental fiscal relations. |
| Linkage | S539.1 |
| 949 ## - LOCAL PROCESSING INFORMATION (OCLC) | |
| a | HJ197 |
| w | lcc |
| i | 33729005174789 |
| m | MAIN |
| p | 1500 |
| t | BOOK |
| l | ON-SHELF |
No items available.